Los fines de la educación y otros ensayos /

Guardado en:
書目詳細資料
主要作者: Whitehead, Alfred North (autor)
其他作者: Mantovani, Juan (presentación) (presentación), Ivniski, Dora (traducción)
格式: 圖書
語言:西班牙语
出版: Buenos Aires, Argentina, Paidós, 1961, c1961
標簽: 添加標簽
沒有標簽, 成為第一個標記此記錄!

MARC

LEADER 00000nam^a2200000^a^4500
001 000572459
005 20250521000000.0
009 20260310132309.403
037 |a Acervo Xavier Clavigero 
041 |a ESP 
091 |a FPA. 03779 
100 |a Whitehead, Alfred North  |e (autor) 
245 1 4 |a Los fines de la educación y otros ensayos / 
264 4 |a Buenos Aires, Argentina,  |b Paidós,  |c 1961, c1961 
300 |a 234 p. 
336 |a texto  |b txt  |2 rdacontenido 
337 |a sin mediación  |b n  |2 rdamedio 
338 |a volumen  |b nc  |2 rdasoporte 
649 |a XX 
700 |a Mantovani, Juan  |e (presentación) 
700 |a Ivniski, Dora  |b (traducción) 
910 |a Fondo José Ignacio Palencia Gómez S.J. 
920 |a Impresos - Libros 
930 |a Fondos Especiales 
905 |a 137 
901 |a 0500356365  |b IT2  |c ESL  |i D  |u 20250521 
902 |a https://opac.biblio.iteso.mx/vufind/Record/000572459